[Event "26th Open"]
[Site "Boeblingen GER"]
[Date "2009.12.26"]
[Round "1"]
[White "Rusev,K"]
[Black "Jurkic,B"]
[Result "1-0"]
[WhiteElo "2537"]
[BlackElo "2097"]

1.d4 Nf6 2.Bg5 d5 3.Bxf6 exf6 4.e3 Bd6 5.Bd3 c6 6.Nd2 O-O 7.Qf3 Re8 8.Ne2 Nd7
9.g4 g6 10.h4 Nf8 11.O-O-O c5 12.dxc5 Be5 13.Nb3 Be6 14.Bb5 Re7 15.Nf4 Bxf4
16.Qxf4 f5 17.g5 Qc7 18.Qd4 b6 19.cxb6 axb6 20.Kb1 Nd7 21.h5 Qe5 22.Bxd7 Qxd4
23.Rxd4 Bxd7 24.Nd2 Bc6 25.Rhh4 b5 26.a3 Ra4 27.h6 Re6 28.Rxa4 bxa4 29.Rb4 f6
30.Nf3 Be8 31.Rb7 f4 32.exf4  1-0

[Event "North American Open"]
[Site "Las Vegas USA"]
[Date "2009.12.27"]
[Round "3"]
[White "Holliman,B"]
[Black "Acon,J"]
[Result "1/2-1/2"]
[WhiteElo "2164"]
[BlackElo "1824"]

1.d4 Nf6 2.Bg5 d5 3.Nf3 Nbd7 4.g3 g6 5.Bg2 Bg7 6.O-O h6 7.Bf4 O-O 8.Qc1 Kh7
9.c4 c6 10.cxd5 Nxd5 11.Bd2 Re8 12.e4 N5b6 13.Ba5 e5 14.dxe5 Nxe5 15.Nxe5 Bxe5
16.Bc3 Qf6 17.f4 Bxc3 18.Nxc3 Bd7 19.e5 Qe7 20.Ne4 Red8 21.Nf6+ Kg7 22.b3 Be6
23.Qb2 Qc5+ 24.Kh1 Qd4 25.Qe2 Nd5 26.Rae1 Nxf6 27.exf6+ Qxf6 28.f5 gxf5 29.Rf2 Qc3
30.Ref1 Rd3 31.Qh5 Rd2 32.Rxf5 Bxf5 33.Qxf5 Rxg2 34.Qxf7+ Kh8 35.Kxg2 Rd8
36.Rf2 Qg7 37.Qe6 Rf8 38.Re2 Qf6 39.Qxf6+ Rxf6 40.Re7 Rd6 41.Rxb7 Rd2+ 42.Kh3 Rxa2
43.Rc7 Ra6 44.Kg4 Ra5 45.Rxc6 Kg7 46.Rc7+ Kg6 47.h4 h5+ 48.Kf4 Rb5 49.Rc3 a5
50.Re3 Kf6 51.Rc3 Kg6 52.Ke4 Kf6 53.Kd4 Kf5 54.Kc4 Re5 55.Rd3 Kg4 56.Kc3 Rf5
57.Kb2 Rf3  1/2-1/2

[Event "11th Christmas Open"]
[Site "Litomysl CZE"]
[Date "2009.12.27"]
[Round "2"]
[White "Hillmann,M"]
[Black "Bures,J"]
[Result "0-1"]
[WhiteElo "2150"]
[BlackElo "2300"]

1.d4 Nf6 2.Bg5 d5 3.Bxf6 exf6 4.e3 Be6 5.Nd2 c6 6.Ne2 Bd6 7.g3 Nd7 8.Bg2 f5
9.O-O Nf6 10.c4 O-O 11.cxd5 Bxd5 12.Nc3 Bxg2 13.Kxg2 Rc8 14.Nc4 Bb8 15.Qc2 g6
16.Rfd1 Qe7 17.Rab1 h5 18.b4 h4 19.Qe2 Nd5 20.Rdc1 Nxc3 21.Rxc3 Qe4+  0-1

[Event "11th Christmas Open"]
[Site "Litomysl CZE"]
[Date "2009.12.27"]
[Round "2"]
[White "Vavra,P1"]
[Black "Jurkiewicz,Kr1"]
[Result "1-0"]
[WhiteElo "2351"]
[BlackElo "2158"]

1.d4 Nf6 2.Bg5 c5 3.d5 d6 4.Nc3 g6 5.Bxf6 exf6 6.e4 Bg7 7.Bd3 O-O 8.Nf3 f5
9.exf5 Re8+ 10.Ne2 b5 11.c3 c4 12.Bc2 Qe7 13.Qd2 Bxf5 14.Bxf5 gxf5 15.O-O Nd7
16.Ned4 Qf6 17.Nxb5 Re4 18.Qg5 Re2 19.Qxf6 Nxf6 20.Nxd6 Rxb2 21.Nxc4 Rc2
22.d6 Rxc3 23.Rac1 Ne4 24.Rxc3 Nxc3 25.Re1 Rd8 26.Nh4 Nxa2 27.Nxf5 Bf6 28.Na5 h5
29.Nc6 Rd7 30.g3 Nc3 31.Re8+ Kh7 32.Re7 Bxe7 33.dxe7 Rd1+ 34.Kg2 Re1 35.Ne3  1-0

[Event "11th Christmas Open"]
[Site "Litomysl CZE"]
[Date "2009.12.28"]
[Round "3"]
[White "Novotny,M1"]
[Black "Bulski,K"]
[Result "1/2-1/2"]
[WhiteElo "2292"]
[BlackElo "2416"]

1.d4 Nf6 2.Bg5 g6 3.Bxf6 exf6 4.g3 Bg7 5.Bg2 O-O 6.e3 f5 7.Ne2 d6 8.O-O Nd7
9.Nd2 Re8 10.c3 c6 11.b4 Nb6 12.Qc2 Bf8 13.Rfb1 Bd7 14.a4 d5 15.Nf4 a6 16.Bf1 Nc8
17.c4 dxc4 18.Nxc4 Nd6 19.Nxd6 Bxd6 20.Bg2 Bxf4 21.gxf4 Be6 22.Qc5 Rc8 23.Qa7 Re7
24.Rc1 Bd5 25.Bxd5 Qxd5 26.Qc5 Rd7 27.Qxd5 Rxd5 28.Ra2 Kf8 29.Rac2 Ke7 30.Kf1 Kd6
31.Ke2 Ra8 32.Rc5 Re8 33.Rxd5+ Kxd5 34.Rc5+ Kd6 35.b5 axb5 36.axb5 Ra8 37.bxc6 bxc6
38.Kf3 Ra1 39.Rc2 Ra5 40.Rb2 Ra7 41.Rb8 Rc7 42.Rd8+ Ke7 43.Rh8 h5  1/2-1/2

[Event "11th Christmas Open"]
[Site "Litomysl CZE"]
[Date "2009.12.28"]
[Round "4"]
[White "Vavra,P1"]
[Black "Bernasek,J"]
[Result "0-1"]
[WhiteElo "2351"]
[BlackElo "2476"]

1.d4 Nf6 2.Bg5 c5 3.d5 e6 4.Nc3 Qb6 5.e4 Qxb2 6.Nge2 Qb4 7.Qd3 Na6 8.Ng3 Be7
9.Bd2 Qa3 10.Qc4 Qb4 11.Qd3 Qb6 12.a3 d6 13.Be2 exd5 14.exd5 O-O 15.O-O Qd8
16.Rfe1 Nc7 17.a4 b6 18.Bf3 Re8 19.Nb5 Nxb5 20.axb5 Bf8 21.Bg5 Rxe1+ 22.Rxe1 h6
23.Bf4 a6 24.bxa6 Bxa6 25.c4 Qd7 26.Rb1 Rb8 27.Be2 g6 28.Qf3 Qe7 29.h4 Bc8
30.Qd3 Bg7 31.Rb3 h5 32.Bg5 Qe5 33.Ra3 Bd7 34.Qb1 Ng4 35.Ra6 Qc3 36.Ne4 Qe5
37.Ng3 Bf5 38.Bd3 Bxd3 39.Qxd3 Qd4 40.Qxd4 Bxd4 41.Kf1 b5 42.cxb5 Rxb5 43.Ra2 Bxf2
44.Ne4 Rb1+ 45.Ke2 Re1+ 46.Kf3 Bd4 47.Bf4 Be5 48.g3 Bxf4 49.Kxf4 Rf1+  0-1

[Event "85th Masters"]
[Site "Hastings ENG"]
[Date "2010.01.01"]
[Round "5"]
[White "Gormally,D"]
[Black "Hawkins,Jo"]
[Result "1/2-1/2"]
[WhiteElo "2479"]
[BlackElo "2383"]

1.d4 Nf6 2.Bg5 c5 3.d5 Ne4 4.Bf4 Qb6 5.Nd2 Nxd2 6.Bxd2 Qxb2 7.e4 Qe5 8.Bd3 Qc7
9.Nf3 e5 10.dxe6 dxe6 11.e5 c4 12.Be4 Nd7 13.O-O Nc5 14.Re1 Bd7 15.Ng5 Nxe4
16.Nxe4 Bc6 17.Bg5 Bxe4 18.Rxe4 Be7 19.Bxe7  1/2-1/2

[Event "Meister Open"]
[Site "Basel SUI"]
[Date "2010.01.02"]
[Round "2"]
[White "Aerni,A"]
[Black "Paul,M2"]
[Result "1-0"]
[WhiteElo "2137"]
[BlackElo "1961"]

1.d4 Nf6 2.Bg5 g6 3.Bxf6 exf6 4.g3 Bg7 5.Bg2 f5 6.e3 d5 7.Ne2 c6 8.Nd2 Nd7
9.O-O Nf6 10.Rb1 a5 11.c4 dxc4 12.Nxc4 Be6 13.Qc2 O-O 14.Nf4 g5 15.Nxe6 fxe6
16.b4 axb4 17.Rxb4 b5 18.Ne5 Qd6 19.Qxc6 Qxc6 20.Nxc6 Rxa2 21.Rxb5 Bh6 22.Re5 Kf7
23.d5 exd5 24.Rxf5 Ke6 25.Nd4+ Kd6 26.Rc1  1-0

[Event "22nd Open"]
[Site "Staufer GER"]
[Date "2010.01.02"]
[Round "1"]
[White "Kirsch,M"]
[Black "Welling,G"]
[Result "0-1"]
[WhiteElo "1888"]
[BlackElo "2358"]

1.d4 Nf6 2.Bg5 c5 3.d5 Ne4 4.Bf4 e6 5.f3 Bd6 6.Bxd6 Nxd6 7.e4 O-O 8.c4 f5
9.Nc3 fxe4 10.dxe6 dxe6 11.Nxe4 Nxe4 12.Qxd8 Rxd8 13.fxe4 b6 14.Nf3 Bb7 15.Nd2 Nc6
16.O-O-O Rd7 17.Be2 Rad8 18.Bg4 Kf7 19.Nf3 Rxd1+ 20.Rxd1 Rxd1+ 21.Kxd1 Kf6
22.Kd2 Ne5 23.Nxe5 Kxe5 24.Ke3 Bxe4 25.g3 Bg2 26.b3 Bc6 27.Be2 Be4 28.Bd1 g5
29.a3 a5 30.h4 gxh4 31.gxh4 h6 32.a4 Bf5 33.h5 Bh7 34.Kd2 Kd4 35.Bg4 e5 36.Be6 e4
37.Bf7 e3+ 38.Kd1 Bf5 39.Bg6 Bg4+ 40.Kc2 Ke5  0-1

[Event "22nd Open"]
[Site "Staufer GER"]
[Date "2010.01.02"]
[Round "2"]
[White "Schneider,Il"]
[Black "Kugler,F"]
[Result "1/2-1/2"]
[WhiteElo "2499"]
[BlackElo "2073"]

1.d4 Nf6 2.Bg5 d5 3.e3 Nbd7 4.Nf3 c5 5.c3 e6 6.Bd3 Bd6 7.Nbd2 h6 8.Bh4 Qc7
9.Qe2 b6 10.O-O Bb7 11.Rac1 Ne4 12.Bg3 Nxg3 13.hxg3 O-O 14.c4 Nf6 15.b4 Qe7
16.cxd5 exd5 17.bxc5 bxc5 18.dxc5 Bxc5 19.Nb3 Bb6 20.Ba6 Bxa6 21.Qxa6 Ne4
22.Nbd4 Rfe8 23.Rfe1 Qd7 24.Rc2 Nc5 25.Qa3 Rac8 26.Rec1 Ne4 27.Ne5 Qb7 28.Rxc8 Rxc8
29.Rxc8+ Qxc8 30.Qe7 Qf8 31.Nf5 Nc3 32.Qd7 Bc5 33.Kh2 g6 34.Nh4 Qe7 35.Qc8+ Qf8
36.Qg4 Qd6 37.f4 Ne4 38.Qc8+ Qf8 39.Qc6 Qd6 40.Qb7 Qe6 41.Qb8+ Kg7 42.Qb3 Bb6
43.Nhf3 f6 44.Nd4 Bxd4 45.Qb7+ Kg8 46.Qb8+ Kg7 47.Qc7+ Kg8 48.Qd8+  1/2-1/2

[Event "39th Rilton Cup"]
[Site "Stockholm SWE"]
[Date "2010.01.02"]
[Round "6"]
[White "Pohjala,H"]
[Black "Koskela,N"]
[Result "1-0"]
[WhiteElo "2153"]
[BlackElo "2189"]

1.d4 Nf6 2.Bg5 d5 3.Bxf6 exf6 4.e3 Bd6 5.g3 c6 6.Nd2 f5 7.Ne2 Nd7 8.Bg2 Nf6
9.c4 dxc4 10.Nxc4 Bc7 11.Qc2 O-O 12.O-O Nd5 13.a3 Be6 14.Rfd1 g6 15.Rac1 Re8
16.Qd3 h5 17.Ne5 h4 18.Nf4 Kg7 19.Nxe6+ Rxe6 20.Qb3 Nb6 21.a4 hxg3 22.hxg3 Bxe5
23.dxe5 Qc7 24.f4 Rc8 25.e4 Rh8 26.exf5 gxf5 27.a5 Nc8 28.Qc3 Kg8 29.b4 Ne7
30.Qd4 b6 31.a6 c5 32.b5 Kg7 33.Qd7 Qb8 34.Qb7 Qg8 35.Rd7 Ng6 36.Rcd1 c4
37.Qd5 Kh6 38.Qxc4 Nf8 39.R7d3 Qg4 40.Qc7 Kg7 41.Qxa7 Reh6 42.Qe7 Ne6 43.Rd7 Rf8
44.Qa3 Nxf4 45.gxf4 Rg6 46.R1d2  1-0

[Event "ch-NZL"]
[Site "Auckland NZL"]
[Date "2010.01.03"]
[Round "2"]
[White "Fraemohs,P"]
[Black "Mc Laren,L"]
[Result "0-1"]
[WhiteElo "1981"]
[BlackElo "2227"]

1.d4 Nf6 2.Bg5 g6 3.Bxf6 exf6 4.Nf3 Bg7 5.g3 f5 6.e3 O-O 7.Bg2 d6 8.O-O Nd7
9.Nbd2 Nf6 10.Ne1 c6 11.Nd3 Re8 12.Rc1 g5 13.c4 Be6 14.c5 d5 15.a3 Qc7 16.Ne5 Ne4
17.f4 g4 18.Nxe4 dxe4 19.Nc4 b6 20.cxb6 axb6 21.h3 h5 22.hxg4 hxg4 23.Ne5 Bd5
24.Rf2 Re6 25.Bf1 Rd8 26.Bc4 Bxe5 27.Bxd5 Bxf4 28.Rxf4 Rxd5 29.Kg2 Rh6 30.Qb3 Qd6
31.Rcf1 Rh3 32.Kf2 c5 33.Ke1 cxd4 34.exd4 Qe6 35.Qe3 Qd7 36.Qb3 Rh2 37.Qxb6 Rxd4
38.Qb3 Rd3  0-1

[Event "85th Masters"]
[Site "Hastings ENG"]
[Date "2010.01.03"]
[Round "7"]
[White "Gormally,D"]
[Black "Anderson,J"]
[Result "1-0"]
[WhiteElo "2479"]
[BlackElo "2209"]

1.d4 Nf6 2.Bg5 g6 3.Bxf6 exf6 4.e3 d6 5.h4 h5 6.Bc4 Bh6 7.Nd2 f5 8.Ne2 O-O
9.g3 Nd7 10.Nf4 Bxf4 11.gxf4 Nf6 12.Qf3 Rb8 13.Rg1 Kg7 14.O-O-O b5 15.Be2 Be6
16.Qg3 c5 17.dxc5 Qa5 18.e4 Qxa2 19.exf5 Qa1+ 20.Nb1 Bxf5 21.Bd3 Bxd3 22.Rxd3 Ne4
23.Qe3 Nxc5 24.Ra3  1-0

[Event "Meister Open"]
[Site "Basel SUI"]
[Date "2010.01.04"]
[Round "6"]
[White "Curien,N"]
[Black "Heimann,An"]
[Result "0-1"]
[WhiteElo "2240"]
[BlackElo "2464"]

1.d4 Nf6 2.Bg5 d5 3.e3 c5 4.Bd3 Qb6 5.Bxf6 Qxb2 6.Nd2 exf6 7.Rb1 Qxa2 8.c4 Nc6
9.Ra1 Qb2 10.cxd5 Nb4 11.Bb5+ Kd8 12.Rb1 Qc2 13.Qe2 a6 14.Bc4 cxd4 15.e4 Bd7
16.Ngf3 d3 17.Qd1 Qxd1+ 18.Rxd1 b5 19.Bb3 a5 20.O-O a4 21.Ra1 Rc8 22.Bd1 Nc2  0-1

[Event "22nd Open"]
[Site "Staufer GER"]
[Date "2010.01.05"]
[Round "9"]
[White "Rojas Keim,L"]
[Black "Gheng,J"]
[Result "0-1"]
[WhiteElo "2439"]
[BlackElo "2333"]

1.d4 Nf6 2.Bg5 g6 3.Bxf6 exf6 4.c4 Bg7 5.Nc3 f5 6.e3 d6 7.h3 Nd7 8.g4 Nf6
9.gxf5 Bxf5 10.Bd3 Bxd3 11.Qxd3 O-O 12.O-O-O c6 13.Nge2 d5 14.cxd5 Nxd5 15.Nxd5 Qxd5
16.Nc3 Qa5 17.Kb1 Rad8 18.h4 c5 19.d5 c4 20.Qd2 Rd6 21.e4 b5 22.Ne2 b4 23.Nc1 f5
24.e5 c3 25.Qe2 Rxd5 26.Qc4 c2+ 27.Qxc2 Rxd1 28.Rxd1 Qxe5 29.Nd3 Qh2 30.Qc4+ Kh8
31.Qxb4 Rb8 32.Qe7 a6 33.a3 h6 34.Rc1 Qh3 35.Ne5 f4 36.Rc5 Qf1+ 37.Rc1 Qxf2
38.b4 Qd4 39.Re1 f3 40.h5 f2 41.Nf7+ Kg8 42.Nxh6+ Bxh6 43.Qe6+ Kh8  0-1

[Event "39th Rilton Cup"]
[Site "Stockholm SWE"]
[Date "2010.01.05"]
[Round "9"]
[White "Bellon Lopez,JuM"]
[Black "Andersen,Mad"]
[Result "1/2-1/2"]
[WhiteElo "2435"]
[BlackElo "2294"]

1.d4 Nf6 2.Bg5 c5 3.Bxf6 gxf6 4.d5 Qb6 5.Qc1 f5 6.e3 Bg7 7.c3 d6 8.Nh3 Nd7
9.Nf4 Nf6 10.Bc4 Bd7 11.a4 Qc7 12.Qc2 O-O 13.O-O b6 14.Qe2 Rfe8 15.Rd1 Kh8
16.Nd2 e6 17.Nf1 Bc8 18.Ng3 a6 19.Ngh5 e5 20.Nxg7 Kxg7 21.Nh5+ Nxh5 22.Qxh5 Qe7
23.Ra3 Bd7 24.Qe2 a5 25.Bb5 Rec8 26.Bxd7 Qxd7 27.c4 Kh8 28.f4 e4 29.Qh5 Rg8
30.Rd2 Rg6 31.h3 Rag8 32.Kh2 Kg7 33.g4 Kh8 34.Qxf5 Qxf5 35.gxf5 R6g7 36.f6 Rg6
37.Rb3 Rb8 38.Rg2 Rxf6 39.Rg4 Rf5 40.Rg5 Rxg5 41.fxg5 Kg7 42.Kg3 Kg6 43.Kg4 f6
44.gxf6 Kxf6 45.Kf4 Kg6 46.Kxe4 Kg5 47.Kf3 Kf5 48.Rd3 Rf8 49.Rd1 Ke5+ 50.Ke2 Rg8
51.Rf1 Rg2+ 52.Rf2 Rg3 53.Kd3 Rxh3 54.Rf7 Rh6 55.b3 Rh1 56.Re7+ Kf5 57.Re6 Rd1+
58.Ke2 Rb1 59.Rxd6 Rxb3 60.Rh6 Rb2+ 61.Kd3 Rb3+ 62.Kd2 Ra3 63.Rxh7 Rxa4 64.Rf7+ Ke5
65.Re7+ Kd6 66.Re6+ Kc7 67.Kd3 Ra3+ 68.Ke4 Rc3 69.Kf5 a4 70.Re7+ Kd6 71.Rb7 Rxe3
72.Rxb6+ Kd7 73.Rc6 a3 74.Rxc5 a2 75.Ra5 Rc3 76.Ke5 Rxc4 77.Ra7+ Rc7 78.Rxa2 Rb7
79.Rh2 Rb6 80.Rh7+ Kd8 81.Rf7 Rh6 82.Rf6 Rxf6 83.Kxf6 Kd7 84.d6 Kxd6  1/2-1/2

[Event "Scheveningen"]
[Site "Turin ITA"]
[Date "2010.01.09"]
[Round "8"]
[White "Ljubisavljevic,Z"]
[Black "Gallucci,A"]
[Result "1-0"]
[WhiteElo "2296"]
[BlackElo "2161"]

1.d4 Nf6 2.Bg5 c5 3.Bxf6 gxf6 4.d5 d6 5.g3 h5 6.h4 Qb6 7.b3 Nd7 8.e3 Ne5
9.Be2 Bg4 10.Nf3 Rg8 11.Nxe5 dxe5 12.Bxg4 Rxg4 13.O-O f5 14.Nd2 Bh6 15.Nf3 Qf6
16.Nh2 Rg6 17.Qxh5 O-O-O 18.e4 fxe4 19.Rae1 Rh8 20.Ng4 Qf3 21.Qxe5 Rhg8 22.Qxe4 Qxe4
23.Rxe4 Rxg4 24.Rxe7 f5 25.Rfe1 R4g7 26.Kg2 Bd2 27.Rxg7 Rxg7 28.Re2 Bc3 29.Re3 Bd4
30.Re8+ Kd7 31.Rf8 b5 32.Rxf5 b4 33.h5 Kd6 34.Kf3 Be5 35.g4 Kxd5 36.g5 Ke6
37.Kg4 Rd7 38.f4 Bc3 39.Rxc5 Kf7 40.h6 Bd4 41.Rc6 Bb6 42.g6+ Kg8 43.Re6 Rd8
44.f5 Rf8 45.f6 Bd4 46.f7+  1-0

[Event "2nd Kirov Memorial Open"]
[Site "Blagoevgrad BUL"]
[Date "2010.01.16"]
[Round "8"]
[White "Veleski,R"]
[Black "Stoinev,M"]
[Result "0-1"]
[WhiteElo "2289"]
[BlackElo "2268"]

1.d4 Nf6 2.Bg5 d5 3.Bxf6 gxf6 4.e3 c5 5.c3 Qb6 6.Qc2 Nc6 7.Nd2 cxd4 8.exd4 Bg4
9.Be2 Bxe2 10.Nxe2 e6 11.O-O Rc8 12.Nf3 Bd6 13.Rfe1 h5 14.Rad1 Kf8 15.Nh4 Ne7
16.Rd3 Qc7 17.Rh3 f5 18.Nc1 b5 19.Nd3 Nc6 20.Qe2 b4 21.Nxf5 exf5 22.Rxh5 Rxh5
23.Qxh5 Ne7 24.h4 bxc3 25.bxc3 Ke8 26.Ne5 Bxe5 27.Rxe5 Qxc3 28.Qxf5 Rc6 29.Qg4 Re6
30.Rh5 Qe1+ 31.Kh2 Qxf2 32.Rh8+ Kd7 33.Ra8 Qxa2 34.Rb8 Qa6 35.Qg3 Re4 36.Qh3+ f5
37.Qg3 Rg4 38.Qe5 Rxh4+ 39.Kg1 Qa1+ 40.Kf2 Qxd4+ 41.Qxd4 Rxd4 42.Rb7+ Kd6
43.Rxa7 Rg4 44.Kf3 Nc6  0-1

[Event "4NCL 2009-10"]
[Site "Hinckley Island ENG"]
[Date "2010.01.16"]
[Round "3"]
[White "Walton,A"]
[Black "Knott,S"]
[Result "0-1"]
[WhiteElo "2147"]
[BlackElo "2348"]

1.d4 Nf6 2.Bg5 c5 3.d5 d6 4.Nc3 h6 5.Bh4 g5 6.Bg3 Nh5 7.e4 Nxg3 8.hxg3 Bg7
9.Qd2 a6 10.a4 Qa5 11.Nd1 Qxd2+ 12.Kxd2 e6 13.Ne3 Kd8 14.c3 Nd7 15.dxe6 fxe6
16.f4 Kc7 17.Nf3 Nf6 18.Bd3 g4 19.Nh4 h5 20.Rhf1 Rd8 21.Kc2 b6 22.Rae1 Bb7
23.Nd1 Bc6 24.b3 b5 25.Nb2 c4 26.bxc4 bxa4 27.e5 Ne8 28.Be4 dxe5 29.Bxc6 Kxc6
30.Nxa4 Nd6 31.Nb2 Rab8 32.Ng6 e4 33.f5 Rxb2+ 34.Kxb2 Nxc4+ 35.Kc2 Rd2+ 36.Kb3 Kb5  0-1

[Event "2nd Kirov Memorial Open"]
[Site "Blagoevgrad BUL"]
[Date "2010.01.17"]
[Round "9"]
[White "Dimitrov,R"]
[Black "Nikolova,A"]
[Result "0-1"]
[WhiteElo "2394"]
[BlackElo "2336"]

1.d4 Nf6 2.Bg5 c5 3.Bxf6 gxf6 4.d5 Qb6 5.Qc1 f5 6.c4 d6 7.Nc3 Na6 8.e3 Bd7
9.a3 Rg8 10.g3 O-O-O 11.Bd3 e5 12.Qc2 Kb8 13.Rb1 f4 14.Bxh7 Rh8 15.Nf3 Bh6
16.Ke2 fxe3 17.fxe3 e4 18.Bxe4 Rde8 19.Nh4 Bg4+ 20.Kf2 Re5 21.Ng2 Rhe8 22.Bf3 Bxf3
23.Kxf3 Bxe3 24.Nxe3 Rxe3+ 25.Kg2 Nb4 26.Qf5 Nd3 27.Rhf1 Qb3 28.Qf6 Qc2+
29.Kg1 Ka8 30.Qxf7 Rh8 31.Qh7 Ree8 32.Rbe1 Nxe1 33.Qxc2 Nxc2 34.Rf4 Rhf8
35.Rxf8 Rxf8 36.Ne4 Ne3 37.h4 Nxc4 38.Kh2 Nxb2 39.h5 Nd3 40.Nxd6 Rd8 41.Nb5 a6
42.Nc3 b5 43.g4 b4 44.axb4 cxb4 45.Na4 Kb7 46.h6 Rxd5 47.Kg3 Ne5 48.g5 Nf7  0-1

[Event "GMA"]
[Site "Marianske Lazne CZE"]
[Date "2010.01.21"]
[Round "7"]
[White "Vavra,P1"]
[Black "Danielsen,Hen"]
[Result "1-0"]
[WhiteElo "2367"]
[BlackElo "2495"]

1.d4 Nf6 2.Bg5 d5 3.Bxf6 exf6 4.e3 c6 5.Bd3 Bd6 6.Nd2 O-O 7.Qf3 Re8 8.Ne2 Nd7
9.g4 Nf8 10.h4 Qd7 11.Rg1 b6 12.O-O-O a5 13.e4 Ba6 14.Bxa6 Rxa6 15.exd5 b5
16.dxc6 Rxc6 17.d5 Rc7 18.Nd4 Ng6 19.Qf5 Nxh4 20.Qxd7 Rxd7 21.Rh1 Ng6 22.Nxb5 Bf4
23.c4 Ne5 24.b3 Nd3+ 25.Kc2 Nb4+ 26.Kb1 h5 27.Rxh5 g6 28.Rh3 Re2 29.Rdh1 f5
30.gxf5 Be5 31.Re3 Rxd2 32.Rxe5 Rxf2 33.Nc3 Rb7 34.Ne4  1-0

[Event "IMB1"]
[Site "Marianske Lazne CZE"]
[Date "2010.01.21"]
[Round "7"]
[White "Novotny,M1"]
[Black "Cherednichenko,S"]
[Result "1-0"]
[WhiteElo "2292"]
[BlackElo "2349"]

1.d4 Nf6 2.Bg5 d5 3.Bxf6 gxf6 4.e3 e5 5.Nc3 c6 6.Qh5 Bg7 7.Nf3 Qe7 8.O-O-O Nd7
9.e4 dxe4 10.Nxe4 f5 11.Ng3 Nf6 12.Qg5 h6 13.Qd2 f4 14.dxe5 fxg3 15.exf6 Qxf6
16.Qb4 a5 17.Qa3 b5 18.hxg3 b4 19.Qe3+ Be6 20.Qd4 Qxd4 21.Nxd4 Bxa2 22.Nxc6 O-O
23.Rh5 f5 24.Rxf5 Rxf5 25.Ne7+ Kf8 26.Nxf5 Bf6 27.Rd6 Be5 28.Ra6 Rxa6 29.Bxa6 Be6
30.Ne3 a4 31.Bc4 Bd7 32.Kb1 Kg7 33.Nd5 Bd6 34.b3 a3 35.c3 bxc3 36.Nxc3 Bb4
37.Nd1 Kf6 38.Ka2 Ke5 39.Ne3 Bc5 40.Be2 Ke4 41.Bf3+ Kd3 42.Nc4 Bxf2 43.Ne5+  1-0

[Event "Open C"]
[Site "Marianske Lazne CZE"]
[Date "2010.01.23"]
[Round "9"]
[White "Panos,J"]
[Black "Kirillov,D"]
[Result "1-0"]
[WhiteElo "1911"]
[BlackElo "1913"]

1.d4 Nf6 2.Bg5 d5 3.Bxf6 gxf6 4.Nf3 Bg7 5.e3 Bg4 6.c4 c6 7.cxd5 cxd5 8.Nc3 Nc6
9.Qb3 Bxf3 10.gxf3 e5 11.Qxb7 Rc8 12.Bb5 Qd7 13.Qxd7+ Kxd7 14.Nxd5 Rb8 15.Ba4 Rxb2
16.Rg1 Kd6 17.Rxg7 Kxd5 18.Bb3+ Kd6 19.Rxf7 exd4 20.Rxf6+ Kd7 21.Ba4 dxe3
22.Rxc6 exf2+ 23.Kf1 Ke7 24.Rc2 Rxc2 25.Bxc2 Rd8 26.Rd1  1-0

[Event "LX Abto de Verano"]
[Site "Villa Ballester ARG"]
[Date "2010.01.24"]
[Round "4"]
[White "Medina,G"]
[Black "Della Morte,G"]
[Result "0-1"]
[WhiteElo "2059"]
[BlackElo "2341"]

1.d4 Nf6 2.Bg5 d5 3.Bxf6 gxf6 4.g3 c5 5.Bg2 Qb6 6.Nc3 e6 7.e3 cxd4 8.Qxd4 Qxb2
9.Rb1 Qxc2 10.Nge2 Nc6 11.Qf4 Be7 12.O-O Qg6 13.Rfc1 O-O 14.Qa4 f5 15.Nf4 Qg7
16.Bxd5 exd5 17.Ncxd5 Bd6 18.Nh5 Qg6 19.Ndf6+ Kh8 20.Rxc6 Be5 21.Qb4 Be6
22.Rxe6 fxe6 23.Nd7 Rfd8 24.Nxe5 Qxh5 25.Qb3 Qe8 26.Qc3 Kg8 27.Rxb7 Rac8
28.Qb4 Rb8 29.Rxb8 Rxb8 30.Qh4 Qd8 31.Qf4 Rb1+ 32.Kg2 Qd5+ 33.Kh3 Rb7 34.e4 Qd4
35.Nc6 Qxe4 36.Qg5+ Rg7 37.Qd8+ Kf7 38.Qe7+ Kg6 39.Qe8+ Kh6 40.f3 Qxf3 41.Qxe6+ Rg6
42.Qc4 Rxg3+  0-1

[Event "ch-UKR b18"]
[Site "Kyiv UKR"]
[Date "2010.01.28"]
[Round "4"]
[White "Minenko,Andrey UKR"]
[Black "Bereziuk,Y"]
[Result "0-1"]
[WhiteElo "1739"]
[BlackElo "2072"]

1.d4 Nf6 2.Bg5 d5 3.Nf3 e6 4.e3 Be7 5.c4 Ne4 6.Bxe7 Qxe7 7.Nc3 Nf6 8.cxd5 exd5
9.Qc2 O-O 10.Bd3 Nc6 11.a3 Bg4 12.h3 Bxf3 13.gxf3 Nxd4 14.Qd1 Ne6 15.O-O Rad8
16.Ne2 c5 17.Rc1 d4 18.e4 Nh5 19.Kh2 Qh4 20.Qd2 Nhf4 21.Nxf4 Nxf4 22.Qxf4 Qxf4+  0-1

[Event "8th Gibtelecom Masters"]
[Site "Caleta ENG"]
[Date "2010.01.29"]
[Round "4"]
[White "Dzagnidze,N"]
[Black "Nuri,Kam"]
[Result "1-0"]
[WhiteElo "2506"]
[BlackElo "2235"]

1.d4 Nf6 2.Bg5 g6 3.Bxf6 exf6 4.c4 f5 5.Nc3 Bg7 6.e3 O-O 7.Nge2 c5 8.dxc5 Qa5
9.Qd2 Qxc5 10.Nf4 Nc6 11.Rc1 d6 12.Be2 Ne5 13.Nb5 Rd8 14.Nd5 Kh8 15.b4 Qc6
16.O-O Qd7 17.Rfd1 b6 18.Ndc7 Rb8 19.Qxd6 Qxd6 20.Nxd6 Bf8 21.Ndb5 Rxd1+
22.Rxd1 Bxb4 23.Rd8+ Kg7 24.Ne8+  1-0

[Event "8th Gibtelecom Masters"]
[Site "Caleta ENG"]
[Date "2010.01.31"]
[Round "6"]
[White "Bellon Lopez,JuM"]
[Black "Tjolsen,K"]
[Result "1-0"]
[WhiteElo "2440"]
[BlackElo "2212"]

1.d4 Nf6 2.Bg5 c5 3.Bxf6 exf6 4.Nc3 d5 5.e3 Be6 6.Nge2 Nc6 7.g3 cxd4 8.Nxd4 Bc5
9.a3 Bxd4 10.exd4 Qb6 11.Na4 Qa5+ 12.c3 O-O 13.b4 Qd8 14.Bg2 Rc8 15.O-O Ne7
16.Re1 b6 17.Rc1 Nf5 18.Nb2 Nd6 19.Nd3 Nc4 20.Nf4 Rc6 21.Qa4 Qd6 22.Re2 g5
23.Nxe6 fxe6 24.Rce1 Re8 25.b5 Rc7 26.Qb4 Kf7 27.Bf3 Ree7 28.Bh5+ Kg7 29.a4 Qxb4
30.cxb4 e5 31.dxe5 fxe5 32.Rd1 d4 33.Bf3 Nd6 34.Bc6 g4 35.h3 h5 36.hxg4 hxg4
37.Kg2 Kf6 38.Ree1 Rh7 39.Rc1 e4 40.Rcd1 Ke5 41.Re2 Rhe7 42.Rde1 Rxc6 43.bxc6 d3
44.Rd2 Kd5 45.b5 Rf7 46.Rc1 Nc4 47.Rdd1 Rc7 48.Kf1 Ne5 49.Kg2 Kd4 50.Ra1 Nc4
51.Rh1 d2 52.Kf1 Kd3 53.Rh8 e3 54.Rd8+ Kc2 55.fxe3 Re7 56.Kg1 Ne5 57.e4 Kb2
58.Rf1  1-0

[Event "Open A"]
[Site "Moscow RUS"]
[Date "2010.01.31"]
[Round "2"]
[White "Popov,Iv RUS"]
[Black "Yandemirov,V"]
[Result "0-1"]
[WhiteElo "2617"]
[BlackElo "2461"]

1.d4 Nf6 2.Bg5 d5 3.e3 Nbd7 4.Nf3 g6 5.c4 dxc4 6.Bxc4 Bg7 7.Nc3 O-O 8.O-O c5
9.h3 cxd4 10.exd4 Nb6 11.Bb3 Nbd5 12.Re1 b6 13.Ne5 Bb7 14.Rc1 Nxc3 15.bxc3 b5
16.Qe2 a6 17.Ng4 Re8 18.Nh6+ Bxh6 19.Bxh6 Qd7 20.Qe5 Rac8 21.Re3 Bd5 22.Rce1 Bxb3
23.axb3 Qd6 24.Ra1 Qxe5 25.Rxe5 e6 26.Rxa6 Nd5 27.Rd6 Nxc3 28.Rc5 b4 29.Kf1 Ra8
30.f3 Nd5 31.Rdc6 Ne7 32.Rb6 Ra1+ 33.Kf2 Ra2+ 34.Kg1 Nf5 35.Bg5 h6 36.Bf6 Ne3
37.Rbc6 Rxg2+ 38.Kh1 Ra2 39.Be5 g5 40.f4 Kh7 41.Rc8 Rxc8 42.Rxc8 Nd5 43.fxg5 hxg5
44.h4 gxh4 45.Rh8+ Kg6 46.Rxh4 f6 47.Bd6 Kf5 48.Kg1 Rd2 49.Kf1 Rd3 50.Ke2 Rxb3
51.Rh5+ Kg4 52.Rh1 Rh3 53.Rf1 b3 54.Kd2 Rf3 55.Re1 Kf5 56.Ba3 Nb6 57.Rc1 b2  0-1

[Event "2nd Chennai Open"]
[Site "Chennai IND"]
[Date "2010.02.02"]
[Round "10"]
[White "Vinoth Kumar,M"]
[Black "Roy Chowdhury,S"]
[Result "0-1"]
[WhiteElo "2245"]
[BlackElo "2413"]

1.d4 Nf6 2.Bg5 d5 3.Nc3 h6 4.Bh4 c6 5.f3 Bf5 6.e3 Nbd7 7.g4 Bh7 8.Bg3 e6
9.h4 Bb4 10.Bd3 Bxd3 11.cxd3 Qe7 12.Ne2 e5 13.O-O Bd6 14.Bf2 O-O-O 15.e4 exd4
16.Bxd4 Bc5 17.Rc1 Kb8 18.b4 Bxd4+ 19.Nxd4 dxe4 20.Qe1 Qe5 21.Nf5 exf3 22.Qd2 Nxg4
23.Rxf3 g6 24.d4 Qc7 25.Nb5 Nde5 26.Re3 Nxe3 27.Qxe3 Ng4 28.Qe2 Qh2+ 29.Qxh2+ Nxh2
30.Nbd6 Nf3+  0-1

[Event "8th Gibtelecom Masters"]
[Site "Caleta ENG"]
[Date "2010.02.03"]
[Round "9"]
[White "Arvola,B"]
[Black "Freuler,R"]
[Result "1-0"]
[WhiteElo "2218"]
[BlackElo "2082"]

1.d4 Nf6 2.Bg5 c5 3.c3 Qb6 4.Nd2 Qxb2 5.Ngf3 e6 6.Bxf6 gxf6 7.e4 Bh6 8.Rc1 Qxa2
9.Bc4 Qa5 10.O-O Qc7 11.e5 f5 12.d5 b6 13.Bd3 Bb7 14.Nc4 Bxd5 15.Nd6+ Kf8
16.Ng5 Rg8 17.Qh5 Rg6 18.Nxh7+ Kg7 19.Ne8+ Kxh7 20.Qxg6+ Kxg6 21.Nxc7 Bxc1
22.Rxc1 c4 23.Bxc4 Bxc4 24.Nxa8 Nc6 25.f4 Kg7 26.Rd1 Nb8 27.Nc7 Kf8 28.Rb1 Ke7
29.Nb5 Nc6 30.Nd6 Bd3 31.Rd1 Bc2 32.Ra1 Kd8 33.Kf2 a5 34.Kg3 a4 35.Kh4 Na5
36.Kg5 Kc7 37.Nxf7 Kb7 38.Kg6 Nc4 39.h4 Ne3 40.h5 Nxg2 41.Kg5  1-0

[Event "FSIMB February"]
[Site "Budapest HUN"]
[Date "2010.02.05"]
[Round "2"]
[White "Tran,T"]
[Black "Keschitz,G"]
[Result "1-0"]
[WhiteElo "2158"]
[BlackElo "2235"]

1.d4 Nf6 2.Bg5 c5 3.d5 Qb6 4.Nc3 Qxb2 5.Bd2 Qb6 6.e4 d6 7.f4 Qc7 8.Nf3 Bg4
9.e5 dxe5 10.fxe5 Bxf3 11.Qxf3 Qxe5+ 12.Be2 g5 13.O-O Qd4+ 14.Rf2 g4 15.Qf5 Nbd7
16.Bb5 O-O-O 17.Rd1 g3 18.hxg3 Rg8 19.Be1 Qe3 20.Be2 Rg5 21.Qf4 Re5 22.Qxe3 Rxe3
23.Bd2 Rxg3 24.Nb5 Nxd5 25.Bf3 N7f6 26.c4 a6 27.Na7+ Kb8 28.Bf4+ Nxf4 29.Rxd8+ Kxa7
30.Rxf8 Rg7 31.Rb2 b5 32.cxb5 axb5 33.Rxb5 N4d5 34.Rxc5 e6 35.Rb5 Nd7 36.Rd8 N7b6
37.a4 Ka6 38.Bxd5 exd5 39.Rd6  1-0

[Event "FSIMB February"]
[Site "Budapest HUN"]
[Date "2010.02.09"]
[Round "4"]
[White "Tran,T"]
[Black "Parkanyi,A"]
[Result "1-0"]
[WhiteElo "2158"]
[BlackElo "2324"]

1.d4 Nf6 2.Bg5 g6 3.Bxf6 exf6 4.g3 Bg7 5.Bg2 O-O 6.e3 d6 7.Ne2 c6 8.O-O f5
9.c4 Nd7 10.Qc2 Nf6 11.Nbc3 h5 12.b4 h4 13.b5 hxg3 14.hxg3 Bd7 15.Rab1 Ng4
16.bxc6 bxc6 17.Rb7 Bh6 18.Qa4 Qe8 19.Rxd7 Qxd7 20.Bxc6 Qe6 21.Bd5 Qe7 22.Bxa8 Rxa8
23.Nd5 Qe4 24.Nec3 Qf3 25.Qd1 Qxd1 26.Rxd1 Bf8 27.Rb1 Rc8 28.Rb7 Rxc4 29.Rxa7 Kg7
30.Rc7 Rxc7 31.Nxc7 Be7 32.N3d5 Kf8 33.a4 Nf6 34.a5  1-0